000 00404nam a2200181Ia 4500
001 13606
005 20260306164813.0
008 260306t2008||||xx |||||||||||||| ||spa||
041 _aESP
082 _a005.1
_bD27
100 _aDasgupta, Sanjoy
_eAUT
245 0 _aAlgorithms
260 _c2008
300 _a320 páginas :
_c23 cm.
650 _aGEN
654 _aCCC
942 _cLIB
_dJUS
_fJUS
_2ddc
_n
999 _c13606
_d13606